Animated Movies by Picture - S - Statistics

General Stats
  • This quiz has been taken 407 times
  • The average score is 9 of 12
Answer Stats
Picture Answer % Correct
Shrek
100%
Snow White
98%
Spider-Man: Into the Spider-Verse
97%
The Super Mario Bros. Movie
96%
Sleeping Beauty
84%
Sing
82%
Soul
82%
Shark Tale
66%
Spirited Away
62%
Surf’s Up
56%
The Sword in the Stone
51%
Sinbad: Legend of the Seven Seas
41%
No matching quizzes found
Score Distribution
Percent of People with Each Score
Percentile by Number Answered
Your Score History
You have not taken this quiz